Book of the knowledge of all the kingdoms, lands, and lordships that are in the world, and the arms and devices of each land and lordship, or of the kings and lords who posses them. Written by a spanish franciscan in the middle of the XIV century. Published for the first time with notes by Marcos Jiménez de la Espada in 1877. Translated and edited by Sir Clements Markham, K.C.B

Gespeichert in:
Bibliographische Detailangaben
1. Verfasser: Jiménez de la Espada, Marcos (VerfasserIn)
Format: Buch
Sprache:Englisch
Veröffentlicht: Londres Hakluyt Society 1912
Ausgabe:1a. ed
Schriftenreihe:Hakluyt Society, Second series, 29
Schlagworte:
Tags: Tag hinzufügen
Keine Tags, Fügen Sie den ersten Tag hinzu!

MARC

LEADER 00000nam a2200000 a 4500
001 UCJ5678
003 CL-VaPUC
008 070124e19120000UK |||||||||||||||||eng|d
082 0 4 |a 910.4  |b JIM  |2 21 
100 0 |a Jiménez de la Espada, Marcos  |e author  |9 511218 
245 1 0 |a Book of the knowledge of all the kingdoms, lands, and lordships that are in the world, and the arms and devices of each land and lordship, or of the kings and lords who posses them. Written by a spanish franciscan in the middle of the XIV century. Published for the first time with notes by Marcos Jiménez de la Espada in 1877. Translated and edited by Sir Clements Markham, K.C.B 
246 1 0 |a Libro del conocimiento de todos los reinos y tierras y señoríos que son por el mundo, y de las señales y armas que han cada tierra y señorío 
250 |a 1a. ed 
300 |a 85, xlix p 
942 |c BK 
945 |d 20070124 00:00:00  |a rinostro 
260 |a Londres  |b Hakluyt Society  |c 1912 
500 |a Ilustraciones sin indizar; la información geográfica que trae es muy escasa, casi un par de líneas por lugar, reino o señorío; lo principal es la reproducción de los diversos Escudos de Armas en excelentes láminas a color 
650 0 |a Viajes  |9 257115 
650 0 |a Anónimos   |9 505345 
650 7 |a HERALDICA  |2 CL-VaPUC  |9 388228 
650 0 |a Geografía  |9 259346 
650 7 |a TOPONIMIA  |2 CL-VaPUC  |9 511219 
650 0 |a Recursos naturales  |9 255232 
650 0 |a Cultura  |9 269059 
651 0 |a África  |9 256790 
651 0 |a Asia  |9 268338 
651 0 |a Europa  |9 255156 
583 |a last modification  |c 20070124 00:00:00  |k Rodrigo Vera 
490 0 |a Hakluyt Society, Second series, 29 
999 |c 321787  |d 321785 
952 |0 0  |1 0  |4 0  |6 910_400000000000000_JIM_1912  |7 0  |8 X  |9 400630  |a FDOBUD  |b FDOBUD  |d 2019-11-22  |i 1038036  |o 910.4 JIM 1912  |p 1038036  |r 2019-11-22  |w 2019-11-22  |y BK_X  |k BUD